000 00469nam a2200169Ia 4500
003 GCL
008 140319s9999 xx 000 0 eng d
040 _aGCL /
_cGCL
082 0 4 _aCC
_b726.962
_bT E
100 1 _aSAK, TAREK M.
245 1 0 _aEARLY TWENTIETH - CENTURY ISLAMIC ARCHITECTURE IN CAIRO /
_cSAK, TAREK M.
260 _a[S.N] :
_bTHE AMERICAN UNIVERSITY IN CAIRO PRESS ،
_c1993
300 _a90
650 0 4 _aHISTORY
650 0 4 _aCAIRO
942 _2ddc
_cBK
999 _c14486
_d14486